[Event "FIDE GP+"]
[Site "Dubai"]
[Date "2002.04.08"]
[Round "5.1"]
[White "Anand, Viswanathan"]
[Black "Khalifman, Alexander"]
[Result "1-0"]
[WhiteElo "2757"]
[BlackElo "2688"]
[Annotator "Lukacs,P"]
[PlyCount "111"]
[EventDate "2002.04.03"]
[EventType "k.o. (rapid)"]
[EventRounds "5"]
[EventCountry "UAE"]
[SourceTitle "CBM 089"]
[Source "ChessBase"]
[SourceDate "2002.08.12"]
[SourceVersion "1"]
[SourceVersionDate "2002.08.12"]
[SourceQuality "1"]

1. e4 c6 2. d4 d5 3. Nc3 dxe4 4. Nxe4 Bf5 5. Ng3 Bg6 6. h4 h6 7. Nf3 Nf6 8. Ne5
Bh7 9. Bd3 Bxd3 10. Qxd3 e6 11. Bf4 Qa5+ {This line is getting more and more
popularity these days. Black wants to fight against 0-0-0.} 12. Bd2 (12. c3 Qa6
13. Qf3 {The _|_ without Q can hardly yield anything real for White.} Nbd7 14.
Nxd7 Nxd7 {- Svidler-Anand, Hoogovens Wijk aan Zee 1999 CBM 69} (14... Kxd7 {
- Topalov-Leko, Tilburg Fontys 1998 CBM 88})) 12... Bb4 (12... Qa6 13. c4 (13.
Qb3 c5 14. O-O-O Nc6 15. Nxc6 Qxc6 {The N on g3 looks pathetic} 16. dxc5 Bxc5
17. Bb4 {1/2:1/2 Emms-Teske, BL 1997}) 13... Nbd7 (13... c5 $5 14. O-O (14.
dxc5) (14. Ne4) 14... cxd4 15. Qxd4 Nc6 16. Nxc6 Qxc6 17. Bc3 {The battery on
the long /^ is strong, and White's << P majority can be better mobilized.} Be7
18. Rfe1 O-O 19. Nf5 exf5 $1 (19... Bd8 {is strongly met by the devastating}
20. Nxh6+ $1 gxh6 21. Qf4 $36) 20. Rxe7 a6 $1 21. Rae1 $14 {Nikolenko-Prizant,
Tula 2000}) 14. f4 (14. O-O Be7 15. Rfe1 Nxe5 16. dxe5 Nd7 17. Ne4 Nc5 18. Nd6+
(18. Nxc5 $5 Bxc5 19. Bc3 Rd8 20. Qe4 O-O $11) 18... Bxd6 19. Qxd6 Nd7 20. Qd3
(20. Bb4 O-O-O 21. b3 Rhe8) 20... O-O-O 21. Qc2 Nc5 22. b3 Rd7 23. Bc3 Rhd8 {
Black has a strong pressure along the d <->.} 24. Qh7 Qb6 25. Qxg7 Nd3 26. Re3
f5 {1/2:1/2 Bologan-Svetushkin, Minsk izt 2000}) 14... Bd6 {Nisipeanu} (14...
c5 $6 {is answered by} 15. d5 $1 Nxe5 16. fxe5 Nxd5 17. O-O {and >< f7 is the
big target.} O-O-O 18. Qe2 Nb6 (18... Nb4 19. Rxf7 Nc2 20. Raf1 Nd4 21. Qe4 Nc6
22. Bc3 Qxa2 23. Qg4 Kb8 (23... Nd4 24. Bxd4 Qxc4 25. Ne2 $18) 24. Qxe6 Ka8 25.
Nf5 $18 {Timoshenko-A.Vajda, Romania 2000}) 19. b3 Rd7 20. Be3 $16 {and
although Black is a P up, his Q and N are completely out of play.})) 13. c3 Be7
14. O-O (14. Ne4 {This leads to mass exchanges.} Nxe4 15. Qxe4 Nd7 16. Nxd7
Kxd7 {Surprisingly enough the K on d7 is not that bad!} 17. c4 (17. h5 Qd5 18.
f3 Bg5 19. Qxd5+ exd5 20. Bxg5 hxg5 21. Kf2 Rae8 $11 {Baklan-Epishin, Luebeck
2001}) 17... Bb4 18. Rd1 Rad8 $11 {S.Kudrin-Magem Badals, Beijing 1998}) (14.
f4 $5 Nbd7 15. O-O (15. Nc4 Qa6 16. f5 Nb6 17. b3 Nxc4 18. bxc4 O-O 19. fxe6
fxe6 {Both have weaknesses in the P structure.} 20. O-O {1/2:1/2 Sax-Zontakh,
Zalakaros 1999}) 15... O-O {- Schmaltz-Dautov, FRA-chT2 France 2001 CBM 87}) (
14. c4 Bb4 15. a3 Bxd2+ 16. Qxd2 Qxd2+ 17. Kxd2 {White has in the _|_ only
microscopical advantage.} Nbd7 {1/2:1/2 Gomez Esteban-Magem Badals, Salamanca
1998}) 14... Nbd7 15. Rfe1 (15. f4 {- 14.f4}) 15... Nxe5 16. Rxe5 (16. dxe5 Rd8
17. Qe2 Nd7 $15 {>< d3}) 16... Qc7 17. Rae1 O-O-O 18. b4 {Now both will
advance with their pawns against the enemy K.} Bd6 (18... g5 $5 {was a risky,
but consequent idea, for example:} 19. hxg5 (19. Qf3 gxh4 20. Nf5 Bf8 21. Bf4
Qd7 22. Nxh4 Bd6 $13) (19. b5 Bd6 $17) 19... Nd7 20. Ra5 b6 21. Qa6+ $1 (21.
Ra6 hxg5) 21... Kb8 (21... Qb7 22. Qxb7+ Kxb7 23. Rf5 $1 exf5 24. Rxe7 $14 {
with a good compensation for the exchange in the _|_.}) 22. Bf4 (22. Rf5 exf5
23. Rxe7 f4) 22... Qxf4 23. Qxa7+ Kc8 24. Qa6+ {White has to be satisfied with
the draw.} (24. Qa8+ $2 {leads nowhere after} Nb8 $1 (24... Kc7 25. Ra7+ Kd6
26. Qb7 Bxg5 27. Ne4+ Ke7 28. Qxb6 $44) 25. Ra7 (25. Ra6 hxg5 26. b5 $1 Rd5 27.
bxc6 Qc7 28. Rb1 Qxc6 $17) 25... Rd7 26. Rxd7 Kxd7 $17) 24... Kc7 $11) 19. R5e2
Bf4 (19... Bxg3 {exchanges White's worst piece.} 20. fxg3 $14) (19... Kb8 {
is not yet necessary.} 20. Ne4 Nxe4 21. Rxe4 $14) 20. Ne4 Bxd2 (20... Nxe4 21.
Bxf4 Qxf4 22. Rxe4 Qc7 23. a4 {and White looks quicker on the <<.}) 21. Nxd2 g5
$5 {Black has to create some counterattack on the >>.} (21... Nd5 22. g3 $14)
22. Nf3 (22. Qf3 Nd5) 22... gxh4 23. Ne5 Nd5 24. Qf3 Rhg8 25. c4 $1 (25. Qxf7
$6 h3 $1 26. g3 (26. Qxe6+ Kb8 27. Qxh3 (27. g3 Nf4) 27... Nf4 $17) 26... Qxf7
27. Nxf7 Nxc3 $15) 25... Nxb4 26. a3 Na6 {The N is out of play, but is it
worth of a P? It seems, yes!} 27. Re4 (27. Qxf7 $2 Qxf7 28. Nxf7 Rxd4 $17)
27... Qe7 $5 (27... Rg7 28. Rxh4 Rdg8 29. g3 $44) 28. Qxf7 Qxf7 29. Nxf7 Rd7
30. Nxh6 {Now White wins material.} (30. Ne5 Rdg7 $15) 30... Rgd8 31. Rxh4 (31.
Rxe6 Rxd4 32. Nf5 Rf4 $11) 31... Rxd4 32. Rxd4 Rxd4 33. Rxe6 Rxc4 {Now a race
of pawns begins with somewhat better chances for White.} 34. g4 Nc5 35. Rf6 (
35. Re3 $14) 35... Nd7 (35... Rc3 36. g5 Rxa3 37. g6 $18) 36. Re6 Nc5 (36...
Rc3 $2 37. g5 Rxa3 38. g6 Ra5 39. f4 $18) (36... Nb6 $2 37. g5 Kd7 38. Rf6 Nd5
39. Rf7+ Ke6 40. g6 Nf6 41. f4 $1 $18) 37. Re7 (37. Re3 Re4 38. g5 Rxe3 39.
fxe3 Ne6 40. g6 Kd7 41. Nf5 Ke8 $14) 37... Re4 $5 (37... Kd8 $1 {was more
precise heading to the >>.} 38. Re3 Re4) 38. Rf7 Ne6 (38... Ra4 39. g5 $1) 39.
f3 Rf4 (39... Ra4 40. Nf5) 40. Re7 Nd4 41. Kg2 Nxf3 (41... Rxf3 $2 42. g5 Kd8 (
42... Rxa3 43. g6 Ra2+ 44. Kh3 Ra3+ 45. Kg4 Ra1 46. g7 $18) 43. Re4 $1 Rd3 44.
g6 $18) 42. Kg3 Rf6 $2 {Now White will gain a vital tempo.} (42... Rf8 {
looks better} 43. Nf5 Nd2 44. Nd6+ (44. Kf4 Nc4 $1) 44... Kd8 45. Rxb7 Rf3+ 46.
Kh4 Rxa3 $11) 43. Nf5 Ng5 (43... Nd2 44. Kf4) 44. Rg7 Ne6 (44... Ne4+ {
deserved serious attention:} 45. Kf4 Re6 (45... Nc5 46. g5 (46. Ke5 Re6+ 47.
Kd4 Nd7) 46... Ne6+ 47. Ke5 Rxf5+ 48. Kxe6 Rf3 49. g6 Rxa3 (49... Re3+ 50. Kf5
Rf3+ 51. Kg4 $16) 50. Rf7 $16 a5 51. g7 Rg3 52. Kd6 $18)) 45. Nd6+ Kd8 46.
Nxb7+ Ke8 (46... Kc8 47. Nd6+ Kb8 (47... Kd8 48. Rxa7 $16) 48. Rb7+ Ka8 49. Re7
$16 {and the white pieces dominate the board.}) 47. Nd6+ Kf8 (47... Kd8 48.
Rxa7 $16) 48. Rxa7 {Now White has two remote passed pawns.} Nd4 49. Ne4 Rf3+
50. Kh4 Ne6 (50... Rf7 51. Rxf7+ Kxf7 52. Kg5 $18) (50... Re3 51. Nd6 $18) 51.
a4 Rf4 52. Nd6 c5 53. a5 c4 54. Nb5 Nd4 55. Nxd4 Rxd4 56. Rc7 1-0

[Event "FIDE GP+"]
[Site "Dubai"]
[Date "2002.04.08"]
[Round "5.2"]
[White "Khalifman, Alexander"]
[Black "Anand, Viswanathan"]
[Result "0-1"]
[WhiteElo "2688"]
[BlackElo "2757"]
[Annotator "Ribli,Z"]
[PlyCount "96"]
[EventDate "2002.04.03"]
[EventType "k.o. (rapid)"]
[EventRounds "5"]
[EventCountry "UAE"]
[SourceTitle "CBM 089"]
[Source "ChessBase"]
[SourceDate "2002.08.12"]
[SourceVersion "1"]
[SourceVersionDate "2002.08.12"]
[SourceQuality "1"]

1. e4 c5 2. Nf3 e6 3. d4 cxd4 4. Nxd4 Nc6 5. Nc3 Qc7 6. Be2 a6 7. O-O Nf6 8.
Be3 Bb4 {Das ist die Hauptfortsetzung - Schwarz nutzt den Umstand aus, dass er
noch nicht d7-d6 gezogen hat.} 9. Na4 Be7 {Die andere - ebenfalls gut
spielbare - Variante ist 9...0-0. Die Partiefortsetzung ist in letzter Zeit
aber sehr populär. Zudem muss der Bb4 früher oder später ohnehin wegziehen 
(denn nach 9.Na4 hat der Läufer auf b4 keine Funktion mehr).} 10. Nxc6 bxc6 11.
Nb6 Rb8 12. Nxc8 Qxc8 13. Bd4 O-O {Das ist Anands Lieblingsfortsetzung, aber
die Alternativen sind auch gut spielbar.} (13... Nxe4) (13... c5) 14. e5 Nd5
15. b3 (15. c4 Nf4 (15... c5 16. cxd5 cxd4 17. d6 Bg5 18. f4 Bd8 19. Rc1 Qb7
20. b3 f6 21. Bd3 fxe5 22. fxe5 Bg5 23. Qh5 Bh6 24. Rxf8+ Rxf8 25. Rf1 Be3+ 26.
Kh1 Rxf1+ 27. Bxf1 g6 28. Qf3 Qc8 29. Bc4 a5 30. g3 Qc5 {1/2-1/2 Polzin,
R-Heissler,J/Germany 1999/GER-chT (45)}) 16. Bf3 (16. g3 Nxe2+ 17. Qxe2 c5 18.
Bc3 f6 19. Rad1 fxe5 20. Bxe5 Rb6 21. Rd2 Bf6 22. Bxf6 Rxf6 23. Rfd1 Rf7 24.
Rd3 a5 25. R1d2 h6 26. Qd1 Rb7 27. Rd6 {1-0 Tseshkovsky,V-Tregubov,P/Krasnodar
2000/EXT 2001 (68)}) 16... Qc7 (16... f6 17. exf6 Bxf6 18. Bc5 Rf7 19. Bd6 Rb7
20. Bxf4 Bxb2 21. Bd6 Bxa1 22. Qxa1 $16 {0-1 Aketayeva,D-Paridar,S/Tehran IRI
2002/(54)}) 17. Re1 Ng6 18. c5 f6 19. exf6 Bxf6 20. Be4 Nf4 21. Bxf6 Rxf6 22.
Qc2 h6 23. Rad1 Nd5 {1/2-1/2 Kasparov,G-Anand,V/Linares ESP 2002/The Week in
Chess 381 (42)}) 15... f6 {[%mdl 4] Das ist die (vorbereitete) Neuerung von
Anand. Schwarz beabsichtigt. den starken weißen Pe5 abzutauschen und die
f-Linie zu öffnen.} (15... Nf4 16. Bc4 c5 17. Be3 Ng6 18. f4 Rb6 $5 19. Qe2 d5
20. exd6 Rxd6 21. Qf2 $14 {1-0 Ivanchuk,V-Lautier,J/Monte Carlo 2000/CBM 76/
[Ribli] (41)}) 16. c4 (16. f4 $6 c5 17. exf6 (17. c4 Nxf4 $17) 17... Bxf6 $11 (
17... gxf6 18. c4 $13)) 16... Nf4 17. Bf3 (17. exf6 Bxf6 18. Bxf6 Rxf6 $11) (
17. c5 fxe5 (17... Nd5 18. f4 $14) 18. Bxe5 Rb4 $13) 17... Qc7 (17... c5 18.
Bc3 Qc7 19. Re1 Ng6 $11) 18. Re1 Ng6 {Der Textzug erzwingt den Tausch exf6.} (
18... c5) 19. exf6 Bxf6 $11 20. Be4 Nf4 {[%csl Gf4]} (20... Bxd4 21. Qxd4 c5 $2
22. Qd3 Rf6 23. Rad1 $16) 21. Rc1 (21. c5 $5) 21... Bxd4 22. Qxd4 Rf6 {[%cal
Gb8f8,Gf8f2][%mdl 32] Weiß hat Raumvorteil und die bessere Bauernstruktur,
aber Schwarz kann ausreichend Gegenspiel am Königsflügel entwickeln.} (22... c5
) 23. c5 {Der Textzug gewinnt zwar weiteren Raum, überlässt Schwarz aber das
Feld d5.} Rbf8 24. Rc2 a5 {Das ist ein nützlicher Zug - der Bauer stand auf a6
prinzipiell gefährdet.} 25. Rd2 Nd5 {[%csl Gd5] Der Springer ist fest auf d5
installiert. Weiß hat zwar etwas mehr Aktivität, aber die schwarze Stellung
weist keine Schwächen auf.} 26. g3 Rb8 {[%cal Gb8b4,Gb4g4]} 27. Bd3 (27. f4 Rb4
28. Qd3 g6 $11) 27... Rb4 {[%csl Gb4]} 28. Bc4 Qa7 {[%cal Ga7d4] Der Textzug
droht zwar nichts, bindet die weiße Dame aber an den Pc5.} 29. a3 {Weiß
vertreibt den Rb4. Der Textzug schwächt aber auch den Damenflügel.} Rb8 30. Re5
Qc7 31. Rde2 Rbf8 {[%cal Gf6f5] Es droht 32...Rf5 mit Turmtausch. - In dieser
Partie erleben wir einen typischen Manöverkampf. Es gibt hier keine großen
Kombinationen zu sehen, sondern vielmehr eine Reihe kleiner positioneller
Pläne.} 32. Bd3 Qd8 33. Rh5 g6 (33... h6 $6 34. f4 $14 (34. Bc2 $14)) 34. Rh4
Qe7 {[%cal Ge7g7,Gg7d4] Schwarz bereitet Qg7 vor. Auf diesem Wege will er die
starke, zentralisierte weiße Dame abtauschen.} 35. Bc2 Qg7 {[%cal Gg7d4]} 36.
Rd2 Rb8 37. Qe5 (37. Re4 $11) 37... Rff8 38. Qe1 $2 {Weiß zeigt sich mit dem
möglichen Endspiel nicht zufrieden. Der Textzug verliert allerdings einen
Bauern.} (38. Qxg7+ Kxg7 $11) 38... Rb5 {[%csl Rc5]} 39. Rc4 Qe7 40. h4 Rxc5
$17 {Schwarz hat einen gesunden Mehrbauern.} 41. h5 {Weiß sucht Gegenspiel am
Königsflügel.} gxh5 42. Rxc5 Qxc5 43. Qe5 Rf5 $1 44. Qb8+ (44. Bxf5 Qc1+ {
[%cal Rc1g1,Rc1d2]} 45. Kg2 Qxd2 $17 46. Bxe6+ $6 dxe6 47. Qxe6+ Kg7 48. Qd7+
Kf6 49. Qxc6+ Kg5 $19) 44... Qf8 45. Qa7 Rf7 46. Qd4 (46. Qxa5 h4 47. g4 (47.
gxh4 Qg7+ 48. Kh1 Qf6 $19 {[%cal Rf6h4,Rh4h1]}) 47... Rf4) 46... Qxa3 $19 {
Angesichts von drei Mehrbauern steht Schwarz klar auf Gewinn.} 47. Re2 Qc1+ 48.
Kg2 Qg5 0-1

[Event "Eurotel Trophy"]
[Site "Prague"]
[Date "2002.04.28"]
[Round "1.2"]
[White "Bologan, Viktor"]
[Black "Khalifman, Alexander"]
[Result "1/2-1/2"]
[WhiteElo "2652"]
[BlackElo "2698"]
[Annotator "Huzman,A"]
[PlyCount "83"]
[EventDate "2002.04.28"]
[EventType "k.o. (rapid)"]
[EventRounds "5"]
[EventCountry "CZE"]
[SourceTitle "CBM 089"]
[Source "ChessBase"]
[SourceDate "2002.08.12"]
[SourceVersion "1"]
[SourceVersionDate "2002.08.12"]
[SourceQuality "1"]

1. e4 e5 2. Nf3 Nf6 3. Nxe5 d6 4. Nf3 Nxe4 5. d4 d5 6. Bd3 Bd6 7. O-O O-O 8. c4
c6 9. Qc2 Na6 10. a3 Re8 11. Nc3 Bg4 12. Nxe4 dxe4 13. Bxe4 Bxf3 14. Bxf3 Qh4
15. g3 Qxd4 16. Be3 Qf6 17. Be4 g6 18. b4 Nc7 19. Rad1 a5 20. b5 (20. Bg2 axb4
21. c5 Be5 22. axb4 Nb5 23. Rd7 Re7 24. Rxe7 (24. Qd3 Qe6 25. Rd1 Rxd7 26. Qxd7
Ra1 27. Qd8+ Kg7 28. Rxa1 Bxa1 29. Bf1 Bf6 30. Qb6 Nd4 31. Qxb7 Nf3+ 32. Kh1
Qd5 33. b5 Ne1+ 34. Kg1 Nf3+ {1/2-1/2 Zarezenko,I-Karpov,A/Novosibirsk RUS
2001/(34)}) 24... Qxe7 25. Rd1 h5 26. Bf1 Ra1 27. Rxa1 Bxa1 28. Bc4 Qf6 29. Qd3
Nd4 30. Qe4 Kg7 31. Kg2 Nf5 32. Bf4 Qd4 33. Qxd4+ Bxd4 34. Bd2 $14 {1-0 Leko,
P-Piket,J/Monaco MNC 2001/(57)}) 20... Bxa3 (20... cxb5 $2 21. c5 Be5 22. c6 $1
b6 23. Bxb6 $16 {[%cal Gd1d7] 1-0 Nedev,T-Safin,S/Yerevan 2001/CBM 86/[Huzman]
(31)}) 21. Rd7 (21. bxc6 {Huzman} bxc6 22. Bg2 Bb4 23. Qa4 Ra6 $13) 21... Re7
22. Rxe7 (22. Rfd1 Rae8 23. bxc6 Rxe4 24. Rxc7 bxc6 25. Qa4 Qf3 $40 26. Rxc6
$140 Rxe3 27. fxe3 Qxe3+ 28. Kg2 Rb8 $1 $19) 22... Bxe7 23. bxc6 bxc6 24. Qa4
Ra6 {[%csl Ra6] Black has an extra pawn. It is very difficult to utilize the
bad position of Ra6.} 25. Rc1 Ne6 26. c5 Nc7 $1 {By this manouevre of the
knight black completely equalizes the position. It is important to note that a
draw in this game was enough for him to win the match.} 27. Rb1 {[%cal Gb1b6]}
Nb5 28. Rxb5 {White tries to change the character of the game.} (28. Bd3 Bf8
29. Bxb5 cxb5 30. Rxb5 Qc6 $11) 28... cxb5 29. Qxb5 Re6 30. c6 (30. Qxa5 Qe5
31. Qa8+ Bf8 32. Bd5 Re8 33. Qa2 $44) 30... Bd6 (30... Qc3 $5 31. Bd5 Rxe3 32.
fxe3 Qxe3+ 33. Kg2 $15) 31. Bd5 Rxe3 {This is the simplest way to the draw.}
32. fxe3 Qc3 33. Kf2 Qc2+ 34. Kf3 Qf5+ 35. Kg2 Qc2+ 36. Kf1 Qd1+ 37. Kg2 Qc2+
38. Kh3 Qf5+ 39. g4 $2 Qe5 (39... Qf2 $1 40. Bg2 Qxe3+ 41. Kh4 Qf4 $19) 40. Kg2
Qxe3 $17 41. c7 Bxc7 (41... Qd2+ 42. Kf1 Qf4+ $19) 42. Qb3 (42. Bxf7+ Kxf7 43.
Qc4+ Kf6 44. Qxc7 Qe2+ $19) (42. Qb3 Qe2+ 43. Kg1 Bxh2+ 44. Kh1 Qf2 45. Bxf7+
Kf8 $19) 1/2-1/2

[Event "Eurotel Trophy"]
[Site "Prague"]
[Date "2002.04.30"]
[Round "2.1"]
[White "Anand, Viswanathan"]
[Black "Khalifman, Alexander"]
[Result "1-0"]
[WhiteElo "2752"]
[BlackElo "2698"]
[Annotator "Anand,V"]
[PlyCount "73"]
[EventDate "2002.04.28"]
[EventType "k.o. (rapid)"]
[EventRounds "5"]
[EventCountry "CZE"]
[SourceTitle "CBM 089"]
[Source "ChessBase"]
[SourceDate "2002.08.12"]
[SourceVersion "1"]
[SourceVersionDate "2002.08.12"]
[SourceQuality "1"]

1. e4 e5 2. Nf3 Nc6 3. Bb5 a6 4. Ba4 Nf6 5. O-O Be7 6. Re1 b5 7. Bb3 O-O 8. h3
Bb7 9. d3 d6 {In Delhi, he played Re8 against me. I later narrowly escaped
being eliminated, but of course had new ideas prepared.} 10. a3 Na5 11. Ba2 c5
12. Nc3 Nc6 13. Nd5 (13. Ne2 {Gelfand-Adams Wijk aan Zee 2002. However, White
seems to be quite comfortable after 13.Nd5, so I stuck to that.}) 13... Nxd5
14. Bxd5 Qd7 15. c3 Bf6 $2 {White is quite happy to get his knight to e3 and
this merely gives him a tempo.} 16. Nh2 Nb8 17. Ng4 Bxd5 {Based on a oversight.
} (17... Bd8 18. Ne3 {is pleasant for White.} (18. Nh6+ Kh8 (18... gxh6 19.
Bxb7 Qxb7 20. Bxh6 Qd7 (20... f5 21. Bxf8 Kxf8 22. exf5 $14) 21. Re3 $1) 19.
Bxb7 Qxb7 20. Nf5)) 18. Nxf6+ gxf6 19. Bh6 $1 {This intermezzo wins material} (
19. exd5 $2 Qf5) 19... f5 (19... Be6 20. Qf3 $18) 20. Bxf8 Bb7 21. Bh6 Qe6 22.
Qh5 Qg6 23. Qxg6+ hxg6 24. exf5 gxf5 25. d4 {The rest is fairly simple.} cxd4
26. cxd4 e4 27. Bf4 Bd5 (27... d5 28. Bxb8 Rxb8 29. Rac1 $18) (27... Nc6 28.
Red1 d5 29. Rac1) 28. Bxd6 Nc6 29. Bf4 f6 30. Rac1 Kf7 31. Rc5 Ke6 32. Be3 Na5
33. Kh2 Nc4 34. Re2 Nd6 35. Bf4 Nc4 36. Rc2 Rd8 37. a4 1-0

[Event "Eurotel Trophy"]
[Site "Prague"]
[Date "2002.04.30"]
[Round "2.2"]
[White "Khalifman, Alexander"]
[Black "Anand, Viswanathan"]
[Result "0-1"]
[WhiteElo "2698"]
[BlackElo "2752"]
[Annotator "Gershon,A"]
[PlyCount "64"]
[EventDate "2002.04.28"]
[EventType "k.o. (rapid)"]
[EventRounds "5"]
[EventCountry "CZE"]
[SourceTitle "CBM 089"]
[Source "ChessBase"]
[SourceDate "2002.08.12"]
[SourceVersion "1"]
[SourceVersionDate "2002.08.12"]
[SourceQuality "1"]

1. d4 Nf6 2. c4 e6 3. Nf3 b6 4. g3 Ba6 5. Qb3 Nc6 6. Nbd2 d5 {This move has
been widely tested in rapid chess! It was played 3 times in Monaco by Leko,
and now, again, in Prague by Anand.} 7. Qa4 (7. cxd5 exd5 8. Qa4 Bb7 9. Bg2 Bd6
10. O-O ({Kramnik tested:} 10. Nc4 dxc4 11. Ne5 {but after:} Bxe5 12. Bxc6+
Bxc6 13. Qxc6+ Kf8 14. dxe5 Qd5 $1 15. Qxd5 Nxd5 $11 {black has no problems 1/
2-1/2 Kramnik,V-Leko,P/Monaco MNC 2002/The Week in Chess 385 (37)}) 10... O-O
11. Nb1 Ne4 12. Bf4 Re8 13. Rc1 Bxf4 14. gxf4 Ne7 15. Nc3 Nf5 16. e3 c5 17.
dxc5 Nxc5 $11 {1/2-1/2 Gelfand,B-Leko,P/Monaco MNC 2002/The Week in Chess 384 
(25). (24)}) 7... Bb7 8. Bg2 Qd7 9. cxd5 ({Piket tried to postpone the capture
on d5 even more} 9. O-O Bd6 10. Qc2 $6 Nb4 11. Qd1 c5 12. cxd5 exd5 13. b3 O-O
14. Bb2 Be7 15. Ne5 Qe6 16. dxc5 bxc5 17. a3 Na6 18. Rc1 Rab8 19. e3 Rfd8 20.
Qc2 Bd6 21. Nd3 Ne4 {And black is by no means worse: 0-1 Piket,J-Leko,P/Monaco
MNC 2002/The Week in Chess 385 (47)}) 9... exd5 10. O-O Bd6 11. Nb1 Ne4 12. Ng5
{Only this is new. In the aforementioned game, Gelfand played 12.Bf4 against
Leko. This is a fresh idea, but black doesn't encounter any problems here, as
well.} Nxg5 13. Bxg5 Nd8 $1 {Beautiful manoeuver! Anand transfers the knight
to e6 where he will both press on the center and not block the 'c' file - thus
allowing the pawn movement. Of course, the endgame is not dangerous for black.}
14. Qb3 c6 (14... Ne6 $2 {loses a pawn:} 15. Bxd5 Bxd5 16. Qxd5 c6 17. Qe4) 15.
e4 Ne6 16. Be3 dxe4 17. Nc3 $2 {Going for a very adventerous piece sacrifice!
White should have recaptured the central pawn, although he doesn't have more
that an equality here!} (17. Bxe4 O-O 18. Qd3 g6 19. Nc3 Rfd8 $11) 17... f5 18.
Nxe4 {Consistent.} fxe4 19. Bh3 {black king is stuck in the center, and white
was able to pin black, but Vishy finds a very neat way to untie} Ke7 20. f3
Raf8 21. fxe4 {[%tqu "En","Black is a piece up, but white has a very
unpleasant pressure, can you find a way for black to reduce that tension?","",
"","e6d4","",10]} Nxd4 $1 {This is probably the move white has missed while
entering this sac on his 17th move.} 22. Bg5+ (22. Bxd4 {loses on the spot
after} Qxh3 23. Bxg7 Bc5+ {mating}) (22. Bxd7 Nxb3 23. axb3 Kxd7 $19) 22... Rf6
{the point. Black can sacrifice an exchange and still be up material wise.} 23.
e5 {adding some more oil to the fire.} (23. Bxf6+ gxf6 24. Bxd7 Nxb3 25. axb3
Kxd7 26. Rxa7 Kc8 27. Rxf6 Bc5+ 28. Kf1 b5 29. Ra1 Bd4 {black is much better.})
23... Bxe5 24. Qe3 Qd5 25. Bg2 (25. Rae1 Kd6 26. Bxf6 (26. Bg2 Rxf1+ 27. Rxf1
Nc2 $19) 26... gxf6 $17) 25... Qc5 26. Rae1 Kf7 $1 27. Bxf6 ({Of course not:} 
27. Qxe5 Nf3+ 28. Kh1 Nxe5) 27... Bxf6 28. g4 Ne6 $1 {Removing the last of
white's active pieces. The game is over.} 29. Qxc5 bxc5 30. h4 h6 31. g5 hxg5
32. Bh3 Nf4 0-1

[Event "FIDE GP"]
[Site "Moscow"]
[Date "2002.06.01"]
[Round "1.2"]
[White "Ghaem Maghami, Ehsan"]
[Black "Khalifman, Alexander"]
[Result "1/2-1/2"]
[WhiteElo "2519"]
[BlackElo "2698"]
[Annotator "Hecht,H"]
[PlyCount "78"]
[EventDate "2002.06.01"]
[EventType "k.o. (rapid)"]
[EventRounds "5"]
[EventCountry "RUS"]
[SourceTitle "CBM 090"]
[Source "ChessBase"]
[SourceDate "2002.09.20"]
[SourceVersion "1"]
[SourceVersionDate "2002.09.20"]
[SourceQuality "1"]

1. e4 e5 2. Nf3 Nc6 3. Bb5 a6 4. Bxc6 dxc6 5. Nc3 f6 6. d4 exd4 7. Nxd4 c5 8.
Nde2 Qxd1+ 9. Nxd1 Be6 10. h4 O-O-O 11. Be3 Bd6 12. Ndc3 Ne7 13. O-O-O Rhe8 14.
Bf4 Bf7 15. h5 Nc6 16. Bxd6 cxd6 17. f3 Ne7 18. Nf4 Kc7 19. g4 b5 20. a3 h6 21.
Rd2 Rd7 22. Rhd1 Red8 23. Re1 d5 24. exd5 Nxd5 25. Ncxd5+ Bxd5 26. Nxd5+ Rxd5
27. Re7+ R5d7 28. Rdxd7+ Rxd7 29. Rxd7+ Kxd7 30. Kd2 {Die Schlussposition wird
remis gegeben. Drohte eventuell der Sekundentod im Rapidschach?} Ke6 31. Ke3
Ke5 32. f4+ Kd5 33. Kd3 a5 34. b3 a4 35. bxa4 bxa4 36. c3 Kd6 37. Kc4 Kc6 38.
f5 Kd6 39. Kb5 $2 (39. Kd3 Kd5 40. c4+ Ke5 41. Ke3 Kd6 42. Ke4 Kc6 $11) 39...
Kd5 {Remis?!? Die Analyse zeigt einen schwarzen Gewinn an.} (39... Kd5 40. Kxa4
(40. Ka5 Kc4 41. Kxa4 Kxc3 42. Kb5 {ändert nichts}) (40. c4+ $143 Kd4 41. Kxa4
Kxc4 42. Ka5 Kd4 $19) 40... Kc4 41. Ka5 Kxc3 42. Kb5 (42. Kb6 c4 43. a4 Kb4 44.
a5 c3 45. a6 c2 46. a7 c1=Q 47. a8=Q Qc5+ 48. Kb7 Qd5+ 49. Kb8 Qxa8+ 50. Kxa8
Kc5 $19) 42... c4 43. a4 Kd4 44. a5 c3 45. a6 c2 46. a7 c1=Q 47. a8=Q Qb1+ {
mit Gewinn nach Damentausch, und Kc6 scheitert an Damenverlust.}) 1/2-1/2